<?xml version="1.0" encoding="UTF-8"?>
<record
    xmlns:xsi="http://www.w3.org/2001/XMLSchema-instance"
    xsi:schemaLocation="http://www.loc.gov/MARC21/slim http://www.loc.gov/standards/marcxml/schema/MARC21slim.xsd"
    xmlns="http://www.loc.gov/MARC21/slim">

  <leader>00633cam a2200193   4500</leader>
  <controlfield tag="001">45464</controlfield>
  <datafield tag="090" ind1=" " ind2=" ">
    <subfield code="a">45464</subfield>
  </datafield>
  <datafield tag="100" ind1=" " ind2=" ">
    <subfield code="a">19910324d1946    m  y0pory5003    ba</subfield>
  </datafield>
  <datafield tag="101" ind1="1" ind2=" ">
    <subfield code="a">por</subfield>
  </datafield>
  <datafield tag="102" ind1=" " ind2=" ">
    <subfield code="a">PT</subfield>
  </datafield>
  <datafield tag="200" ind1="1" ind2=" ">
    <subfield code="a">A Arte e a sociedade</subfield>
    <subfield code="f">Herbert Read</subfield>
    <subfield code="g">trad. e pref. Alberto Candeias</subfield>
  </datafield>
  <datafield tag="210" ind1=" " ind2="9">
    <subfield code="a">Lisboa</subfield>
    <subfield code="c">edi&#xE7;&#xF5;es Cosmos,</subfield>
    <subfield code="d">1946</subfield>
  </datafield>
  <datafield tag="215" ind1=" " ind2=" ">
    <subfield code="a">214, [1] p., [20] f. est.</subfield>
    <subfield code="c">il.</subfield>
    <subfield code="d">19 cm</subfield>
  </datafield>
  <datafield tag="225" ind1="2" ind2=" ">
    <subfield code="a">Biblioteca Cosmos</subfield>
    <subfield code="v">112-113</subfield>
    <subfield code="h">2.&#xAA; parte</subfield>
    <subfield code="i">Artes ce Letras. Pintura, Escultura e Arquitectura</subfield>
  </datafield>
  <datafield tag="675" ind1=" " ind2=" ">
    <subfield code="a">7.01</subfield>
    <subfield code="v">BN</subfield>
    <subfield code="z">por</subfield>
  </datafield>
  <datafield tag="700" ind1=" " ind2="1">
    <subfield code="a">Read,</subfield>
    <subfield code="b">Herbert Edward,</subfield>
    <subfield code="f">1893-1968</subfield>
  </datafield>
  <datafield tag="702" ind1=" " ind2="1">
    <subfield code="a">Candeias,</subfield>
    <subfield code="b">Alberto,</subfield>
    <subfield code="f">1891-1972</subfield>
    <subfield code="4">730</subfield>
  </datafield>
  <datafield tag="801" ind1=" " ind2="0">
    <subfield code="a">PT</subfield>
    <subfield code="b">BN</subfield>
    <subfield code="g">RPC</subfield>
  </datafield>
  <datafield tag="990" ind1=" " ind2=" ">
    <subfield code="c">LIVROS</subfield>
  </datafield>
  <datafield tag="995" ind1=" " ind2=" ">
    <subfield code="1">0</subfield>
    <subfield code="9">76361</subfield>
    <subfield code="b">BMR</subfield>
    <subfield code="c">BMR</subfield>
    <subfield code="f">056180</subfield>
    <subfield code="k">7.01 REA</subfield>
    <subfield code="o">-1</subfield>
    <subfield code="r">LIVROS</subfield>
    <subfield code="u">oferta de Verg&#xED;lio Ambr&#xF3;sio</subfield>
  </datafield>
</record>
